Newar jati bhitra sahabhagitako abastha; asamanta ra karan (Record no. 106185)
[ view plain ]
| 000 -LEADER | |
|---|---|
| fixed length control field | 00488nam a22001577a 4500 |
| 008 - FIXED-LENGTH DATA ELEMENTS--GENERAL INFORMATION | |
| fixed length control field | 230101b |||||||| |||| 00| 0 eng d |
| 082 ## - DEWEY DECIMAL CLASSIFICATION NUMBER | |
| Classification number | D N305.8/N255n |
| 100 ## - MAIN ENTRY--PERSONAL NAME | |
| Personal name | Nakarmi, Sudip Singh |
| 245 ## - TITLE STATEMENT | |
| Title | Newar jati bhitra sahabhagitako abastha; asamanta ra karan |
| 260 ## - PUBLICATION, DISTRIBUTION, ETC. | |
| Place of publication, distribution, etc. | Kathmandu: |
| Name of publisher, distributor, etc. | TU, Humanities and Social Science, |
| Date of publication, distribution, etc. | 2078BS |
| 300 ## - PHYSICAL DESCRIPTION | |
| Other physical details | xvi,226p.;illus. |
| 502 ## - DISSERTATION NOTE | |
| Dissertation note | Thesis ( Ph.D. in Sociology), TU |
| 650 ## - SUBJECT ADDED ENTRY--TOPICAL TERM | |
| Topical term or geographic name entry element | Ethnic group |
| 653 ## - INDEX TERM--UNCONTROLLED | |
| Uncontrolled term | Newar cast |
| 942 ## - ADDED ENTRY ELEMENTS (KOHA) | |
| Source of classification or shelving scheme | Dewey Decimal Classification |
| Koha item type | General Collections |
| Withdrawn status | Lost status | Source of classification or shelving scheme | Damaged status | Not for loan | Home library | Current library | Date acquired | Total Checkouts | Full call number | Barcode | Date last seen | Price effective from | Koha item type |
|---|---|---|---|---|---|---|---|---|---|---|---|---|---|
| Dewey Decimal Classification | Tribhuvan University Central Library | Tribhuvan University Central Library | 01/01/2023 | N305.8/N255n | D14306 | 01/01/2023 | 01/01/2023 | General Collections |
